Estudios de Filosofía en el anuario Humanitas: antología 1960-1990

Kaydedildi:
Detaylı Bibliyografya
Müşterek Yazar: Centro de Estudios Humanísticos Universidad Autónoma de Nuevo León (Yazar)
Materyal Türü: Kitap
Dil:İspanyolca
Baskı/Yayın Bilgisi: Monterrey Universidad Autónoma de Nuevo León 2009
Edisyon:1a. ed
Konular:
Etiketler: Etiketle
Etiket eklenmemiş, İlk siz ekleyin!

MARC

LEADER 00000nam a2200000 a 4500
001 UCG2256
003 CL-VaPUC
008 100701e20090000MX |||||||||||||||||spa|d
020 |a 9786074331318 
082 0 4 |a 100  |b CEN  |2 21 
110 2 |a Centro de Estudios Humanísticos Universidad Autónoma de Nuevo León  |e author  |9 550671 
245 1 0 |a Estudios de Filosofía en el anuario Humanitas: antología 1960-1990 
250 |a 1a. ed 
300 |a 328 p 
942 |c BK 
945 |d 20100701 00:00:00  |a dcastane 
260 |a Monterrey  |b Universidad Autónoma de Nuevo León  |c 2009 
650 0 |a Filosofía   |9 223554 
650 0 |a Crítica e interpretación   |9 255042 
583 |a last modification  |c 20130326 11:32:52  |k Rodrigo Vera 
999 |c 341480  |d 341478 
952 |0 0  |1 0  |4 0  |6 100_000000000000000_CEN_2009  |7 0  |8 A  |9 437001  |a BIBEDU  |b BIBEDU  |d 2019-11-22  |i 4691911  |o 100 CEN 2009  |p 4691911  |r 2019-11-22  |w 2019-11-22  |y BK  |k FIL